Derechos Humanos y empresas y Sistema Interamericano de Derechos Humanos Reflexiones y dil̀ogos /

Detalles Bibliográficos
Autor principal: Arv̌alo Ramr̕ez, Walter
Otros Autores: Galvis, Ricardo Abello
Formato: eBook
Lenguaje:español
Publicado: Bogot:̀ Editorial Universidad de Rosario (Colombia), 2019
Materias:
Acceso en línea:Acceso restringido

MARC

LEADER 00000nam a22000007a 4500
005 20200109220220.0
007 cr|||| ||||
008 200109s2019 co |||||s|||| 00||0 spa d
020 |a 978-958-784-290-6 
035 |a 30925 
040 |a vLex 
090 |c 10097  |d 10097 
100 1 |a Arv̌alo Ramr̕ez, Walter 
245 1 0 |a Derechos Humanos y empresas y Sistema Interamericano de Derechos Humanos  |h [Recurso electrn̤ico] :  |b Reflexiones y dil̀ogos /  |c Walter Arv̌alo Ramr̕ez, Ricardo Abello Galvis 
256 |a Servicio en ln̕ea 
260 |a Bogot:̀  |b Editorial Universidad de Rosario (Colombia),  |c 2019 
300 |a 1 recurso electrn̤ico 
500 |a El presente libro es una obra colectiva que refleja el desarrollo de los derechos humanos en el pas̕, especf̕icamente en la Facultad de Jurisprudencia de la Universidad del Rosario. Es clara la intencin̤ de educar para ellos e investigarlos si queremos tener una sociedad ms̀ justa y equitativa, en aras de lograr la paz en Colombia, as ̕como lograr que tengan una mayor proteccin̤ en la regin̤. En este sentido, se lograron las dos intenciones y etapas que acompaąron el proyecto de crear el Congreso Anual de Derecho Internacional en la Facultad: por un lado, atender la necesidad de una obra colectiva de proyeccin̤ internacional que abarcara, desde diferentes posiciones y escuelas, los nuevos debates relativos a la relacin̤ evolutiva entre empresas y derechos humanos y los debates recientes sobre el alcance y eficacia de la jurisprudencia y funcionamiento del sistema interamericano; por otro, la necesidad, como comunidad epistm̌ica, de establecer un foro regional cuyo eje fuera Colombia, para el desarrollo y promocin̤ de los ms̀ selectos debates de derecho internacional. Palabras clave: Derechos humanos, comercio internacional, empresas, Derechos Humanos, derecho internacional. 
506 1 |a Disponible solo en los productos indicados  |d vLex Global  |d vLex Global (Academic Edition, excluding Law Schools)  |d vLex Global (U.S. Academic Edition, Law Schools)  |d vLex Global (U.S. Academic Edition, excluding Law Schools)  |d vLex Global (Academic Edition, Law Schools) 
650 0 4 |a Derecho Mercantil y de la Empresa  |z Colombia 
650 0 4 |a Derecho Constitucional  |z Colombia 
650 0 4 |a Derecho Internacional  |z Colombia 
700 1 |a Galvis, Ricardo Abello 
740 0 |a vLex Libros (Servicio en ln̕ea) 
856 4 0 |u http://vlex.com/source/derechos-humanos-y-empresas-y-sistema-interamericano-de-derechos-humanos-reflexiones-y-dialogos-30925  |z Acceso restringido 
942 |c BOOK 
999 0 |a Commercial and Business Law 
999 0 |a Constitutional Law 
999 0 |a International Law